000
00240nam a2200097Ia 4500
001
1250342
005
20251031150854.0
008
251031s9999 xx 000 0 und d
245
0
_c
İSKENDER PALA
_a
C-4 ŞAH SULTAN
260
_b
KAPI YAYINLARI
999
_c
1250342
_d
1250342